Sports Quiz

Random Sports or NCAA Quiz

Teams Marquette beat in the 1977 NCAA Tournament Quiz Stats

 Plays Quiz not verified by Sporcle

Score 0/5 Timer 02:00
0 Plays Today
Round Team % Correct
National Semi-FinalUNC-Charlotte 49ers
68.6%
National Championship GameNorth Carolina Tar Heels
62.9%
Regional Semi-FinalKansas State Wildcats
51.4%
First RoundCincinnati Bearcats
45.7%
Regional FinalWake Forest Demon Deacons
31.4%

You're not logged in!

Compare scores with friends on all Sporcle quizzes.
OR
Log In

Sporcle TV

Today on Sporcle TV


Watch our educational content, quiz creation guides, and fun videos on Sporcle TV.

Show Comments

Extras

Top Quizzes Today


Score Distribution

Your Account Isn't Verified!

In order to create a playlist on Sporcle, you need to verify the email address you used during registration. Go to your Sporcle Settings to finish the process.

Report this User

Report this user for behavior that violates our Community Guidelines.

Details: